Mensajes para las Jornadas Mundiales de Comunicación Social
Saved in:
| Hovedforfatter: | |
|---|---|
| Format: | Bog |
| Sprog: | spansk |
| Udgivet: |
Santiago
CENCOSEP
1979
|
| Serier: | Series CENCOSEP Magisterio, 2
|
| Fag: | |
| Tags: |
Tilføj Tag
Ingen Tags, Vær først til at tagge denne postø!
|
MARC
| LEADER | 00000nam a2200000 a 4500 | ||
|---|---|---|---|
| 001 | UCZ8509 | ||
| 003 | CL-VaPUC | ||
| 008 | 960121e19790000CL |||||||||||||||||spa|d | ||
| 082 | 0 | 4 | |a 302.3 |b PAB |2 21 |
| 100 | |a Pablo VI |q (Paulo VI), |c Papa |e autor |9 476995 | ||
| 245 | 1 | 0 | |a Mensajes para las Jornadas Mundiales de Comunicación Social |
| 300 | |a 50 p | ||
| 942 | |c BK | ||
| 945 | |d 19960121 00:00:00 |a cmena | ||
| 260 | |a Santiago |b CENCOSEP |c 1979 | ||
| 650 | 0 | |a Comunicación |9 257251 | |
| 650 | 0 | |a Sociología |9 255410 | |
| 650 | 0 | |a Iglesia Católica |9 256114 | |
| 650 | 0 | |a Doctrina social de la iglesia |9 257333 | |
| 650 | 0 | |a Medios de comunicación de masas |9 257273 | |
| 650 | 0 | |a Ética |9 255099 | |
| 583 | |a last modification |c 19960121 00:00:00 |k Rodrigo Vera | ||
| 490 | 0 | |a Series CENCOSEP Magisterio, 2 | |
| 999 | |c 244383 |d 244381 | ||
| 952 | |0 0 |1 0 |4 0 |6 302_300000000000000_PAB_1979 |7 0 |8 P |9 258429 |a BIBEDU |b BIBEDU |c BIBEDU_PB |d 2019-11-19 |i 1620037 |o 302.3 PAB 1979 |p 1620037 |r 2019-11-19 |w 2019-11-19 |y BK |k EDU | ||
| 952 | |0 0 |1 0 |4 0 |6 302_300000000000000_PAB_1979 |7 0 |8 P |9 258430 |a BIBEDU |b BIBEDU |c BIBEDU_PB |d 2019-11-19 |i 1620134 |o 302.3 PAB 1979 |p 1620134 |r 2019-11-19 |w 2019-11-19 |y BK |k EDU | ||
| 952 | |0 0 |1 0 |4 0 |6 302_300000000000000_PAB_1979 |7 0 |8 X |9 258431 |a FDOBUD |b FDOBUD |d 2019-11-19 |i 4596137 |o 302.3 PAB 1979 |p 4596137 |r 2019-11-19 |w 2019-11-19 |y BK_X |k BUD | ||